[Event "Zlin Region-chT 2223"]
[Site "Czech Republic"]
[Date "2022.11.13"]
[Round "3.3"]
[White "Sojka, Ales"]
[Black "Buran, Jaroslav"]
[Result "1/2-1/2"]
[WhiteElo "2085"]
[BlackElo "2016"]
[PlyCount "21"]
[EventDate "2022.10.09"]
[EventType "team-tourn"]
[EventRounds "11"]
[EventCountry "CZE"]
[SourceTitle "EXT 2024"]
[Source "ChessBase"]
[SourceDate "2023.10.10"]
[SourceVersion "1"]
[SourceVersionDate "2023.10.10"]
[SourceQuality "1"]
[WhiteTeam "Kromeriz Slavia III"]
[BlackTeam "Vlcnov  II"]
[WhiteTeamCountry "CZE"]
[BlackTeamCountry "CZE"]

1. e4 c6 2. d4 d5 3. exd5 cxd5 4. c3 Nf6 5. Nf3 Nc6 6. Bf4 g6 7. h3 Bg7 8. Bd3 0-0 9. Nbd2 Nh5 10. Be3 Qd6 11. 0-0 1/2-1/2

[Event "CZE-chT2E 2122"]
[Site "Czech Republic"]
[Date "2022.03.20"]
[Round "10.5"]
[White "Sojka, Ales"]
[Black "Messerschmidt, Stanislav"]
[Result "1-0"]
[WhiteElo "2118"]
[BlackElo "1984"]
[PlyCount "97"]
[EventDate "2021.10.17"]
[EventType "team-tourn"]
[EventRounds "11"]
[EventCountry "CZE"]
[SourceTitle "EXT 2024"]
[Source "ChessBase"]
[SourceDate "2023.10.10"]
[SourceVersion "1"]
[SourceVersionDate "2023.10.10"]
[SourceQuality "1"]
[WhiteTeam "Kromeriz Slavia II"]
[BlackTeam "Orechov Orel"]
[WhiteTeamCountry "CZE"]
[BlackTeamCountry "CZE"]

1. e4 g6 2. d4 Bg7 3. Nc3 c6 4. Be3 d5 5. Qd2 Nf6 6. f3 dxe4 7. Nxe4 Nd5 8. Bh6 Bxh6 9. Qxh6 Qa5+ 10. c3 b5 11. a3 Nd7 12. Bd3 N7f6 13. Ne2 Qc7 14. 0-0 a5 15. Rfe1 Ba6 16. Nxf6+ Nxf6 17. Ng3 Bb7 18. Qg7 0-0-0 19. Qxf7 Nd5 20. Re5 Rdf8 21. Qg7 Rfg8 22. Qh6 Re8 23. Rae1 Kb8 24. Ne4 Bc8 25. Bxb5 Qb6 26. Bd3 Ref8 27. Qd2 Bf5 28. Nf2 e6 29. Bxf5 exf5 30. c4 Nc7 31. Rxa5 Rd8 32. Rd1 Rhe8 33. Ra4 Rxd4 34. Qc2 Rxd1+ 35. Qxd1 Qe3 36. h3 Qe1+ 37. Qxe1 Rxe1+ 38. Kh2 Re2 39. Nd3 Rd2 40. Rb4+ Kc8 41. Nc5 Rd4 42. b3 h5 43. Rb6 Rd6 44. Kg3 g5 45. h4 Rg6 46. hxg5 Rxg5+ 47. Kf4 Rxg2 48. Rxc6 h4 49. Rh6 1-0

[Event "CZE-chT2F 1516"]
[Site "Czech Republic"]
[Date "2016.02.21"]
[Round "8.43"]
[White "Bosak, Jan"]
[Black "Sojka, Ales"]
[Result "1/2-1/2"]
[WhiteElo "2148"]
[BlackElo "2142"]
[PlyCount "59"]
[EventDate "2015.10.18"]
[EventType "team-tourn"]
[EventRounds "11"]
[EventCountry "CZE"]
[SourceTitle "EXT 2022"]
[Source "ChessBase"]
[SourceDate "2021.10.06"]
[SourceVersion "1"]
[SourceVersionDate "2021.10.06"]
[SourceQuality "1"]
[WhiteTeam "Vsetin"]
[BlackTeam "Kromeriz Slavia II"]
[WhiteTeamCountry "CZE"]
[BlackTeamCountry "CZE"]

1. c4 e5 2. Nc3 Nc6 3. Nf3 g6 4. e3 Bg7 5. d4 Nge7 6. d5 Nb8 7. d6 cxd6 8. Nb5 0-0 9. Nxd6 Nf5 10. e4 Nxd6 11. Qxd6 Nc6 12. Be2 Qb6 13. Qd2 d6 14. 0-0 Bg4 15. b3 Bxf3 16. Bxf3 Qd4 17. Qxd4 Nxd4 18. Bb2 Rfe8 19. Rad1 Re7 20. Rd3 a5 21. Bd1 Rc7 22. f4 Re8 23. f5 gxf5 24. exf5 Bf6 25. g4 h6 26. Re1 Rd8 27. Bc3 b6 28. Bf3 Nxf3+ 29. Rxf3 d5 30. cxd5 1/2-1/2

[Event "CZE-chT2F 1516"]
[Site "Czech Republic"]
[Date "2015.11.22"]
[Round "3.65"]
[White "Sojka, Ales"]
[Black "Navratilik, Pavel"]
[Result "0-1"]
[WhiteElo "2142"]
[BlackElo "2059"]
[PlyCount "30"]
[EventDate "2015.10.18"]
[EventType "team-tourn"]
[EventRounds "11"]
[EventCountry "CZE"]
[SourceTitle "EXT 2022"]
[Source "ChessBase"]
[SourceDate "2021.10.06"]
[SourceVersion "1"]
[SourceVersionDate "2021.10.06"]
[SourceQuality "1"]
[WhiteTeam "Kromeriz Slavia II"]
[BlackTeam "Postoupky"]
[WhiteTeamCountry "CZE"]
[BlackTeamCountry "CZE"]

1. e4 c5 2. Nf3 d6 3. Bb5+ Bd7 4. Bxd7+ Nxd7 5. 0-0 g6 6. Re1 Bg7 7. Nc3 Ngf6 8. d3 0-0 9. Bd2 Ng4 10. h3 Nge5 11. Nxe5 Nxe5 12. Ne2 Nc6 13. Bc3 Nd4 14. Bxd4 Bxd4 15. Nxd4 cxd4 0-1

[Event "CZE-chT2E 1314"]
[Site "Czech Republic"]
[Date "2014.03.23"]
[Round "10.4"]
[White "Kopcil, Milan"]
[Black "Sojka, Ales"]
[Result "1/2-1/2"]
[WhiteElo "2059"]
[BlackElo "2113"]
[PlyCount "153"]
[EventDate "2013.11.03"]
[EventType "team-tourn"]
[EventRounds "11"]
[EventCountry "CZE"]
[SourceTitle "EXT 2016"]
[Source "ChessBase"]
[SourceDate "2015.10.08"]
[SourceVersion "1"]
[SourceVersionDate "2015.10.08"]
[SourceQuality "1"]
[WhiteTeam "Napajedla"]
[BlackTeam "Kromeriz Slavia II"]
[WhiteTeamCountry "CZE"]
[BlackTeamCountry "CZE"]

1. e4 e5 2. Nc3 Ne7 3. Bc4 Nbc6 4. Qf3 f6 5. Nge2 Na5 6. d3 d6 7. 0-0 Nxc4 8. dxc4 Be6 9. b3 c6 10. Rd1 Qc7 11. a4 Rd8 12. a5 Nc8 13. Be3 h5 14. h4 Qf7 15. Qg3 g5 16. hxg5 h4 17. Qh2 Be7 18. a6 b6 19. f4 Bg4 20. gxf6 Bxf6 21. f5 Ke7 22. Rd2 Rdg8 23. Kf1 h3 24. g3 Bf3 25. Bg1 Bg2+ 26. Ke1 Qh5 27. Rd3 Rg4 28. Kd2 Bg5+ 29. Be3 Qh6 30. Re1 Rg8 31. Bxg5+ R8xg5 32. Re3 Kd7 33. Kd3 d5 34. cxd5 Nd6 35. dxc6+ Kxc6 36. Rg1 Nxf5 37. exf5 Qd6+ 38. Nd5 Qxd5+ 39. Kc3 Rxf5 40. Kb2 Rf3 41. Nc3 Qd4 42. Rxf3 Bxf3 43. Ra1 Bg2 44. Ra4 Qd7 45. Ra1 e4 46. Rg1 Qd2 47. Rd1 Qf2 48. Rd8 Qf6 49. Rc8+ Kd7 50. Ra8 Qe5 51. Rxa7+ Kc6 52. Ra8 b5 53. Rc8+ Kb6 54. Qg1+ e3 55. Qd1 Qd4 56. Qe2 Rg5 57. Rb8+ Kxa6 58. Rxb5 Rxb5 59. Qxb5+ Ka7 60. Qa5+ Kb7 61. Qb5+ Kc7 62. Qa5+ Kd7 63. Qf5+ Ke7 64. Qg5+ Ke6 65. Qg6+ Qf6 66. Qg4+ Kf7 67. Qd7+ Kg8 68. Qg4+ Kh7 69. Qh5+ Kg7 70. Qg4+ Kh6 71. Qe2 Kg5 72. b4 Qd4 73. Kb3 Qd2 74. Qb5+ Kg4 75. Qe5 h2 76. Qf4+ Kh5 77. Qf5+ 1/2-1/2

[Event "CZE-chT2E 1314"]
[Site "Czech Republic"]
[Date "2014.01.05"]
[Round "5.5"]
[White "Bosak, Jan"]
[Black "Sojka, Ales"]
[Result "1/2-1/2"]
[WhiteElo "2176"]
[BlackElo "2113"]
[PlyCount "68"]
[EventDate "2013.11.03"]
[EventType "team-tourn"]
[EventRounds "11"]
[EventCountry "CZE"]
[SourceTitle "EXT 2016"]
[Source "ChessBase"]
[SourceDate "2015.10.08"]
[SourceVersion "1"]
[SourceVersionDate "2015.10.08"]
[SourceQuality "1"]
[WhiteTeam "Stare Mesto II"]
[BlackTeam "Kromeriz Slavia II"]
[WhiteTeamCountry "CZE"]
[BlackTeamCountry "CZE"]

1. c4 d6 2. Nc3 e5 3. Nf3 Nc6 4. d4 exd4 5. Nxd4 Nf6 6. Bg5 Be7 7. e3 0-0 8. Nxc6 bxc6 9. Qf3 Bb7 10. Bd3 Re8 11. 0-0 Nd7 12. Bf4 Bf8 13. Qh3 g6 14. Rfd1 Ne5 15. Be2 Qe7 16. Rac1 Bg7 17. Bh6 Bc8 18. g4 Bxh6 19. Qxh6 Bxg4 20. Bxg4 Nxg4 21. Qh3 Qe6 22. Ne2 Ne5 23. Qxe6 fxe6 24. c5 d5 25. Nd4 g5 26. Rc3 g4 27. Ra3 a5 28. Kg2 Kf7 29. Ra4 Reb8 30. b3 Rb4 31. Rxb4 axb4 32. Rd2 Ra5 33. Rc2 Kg6 34. Kg3 Ra6 1/2-1/2

[Event "CZE-chT2F 1213"]
[Site "Czech Republic"]
[Date "2013.02.03"]
[Round "8.54"]
[White "Krajina, Ales"]
[Black "Sojka, Ales"]
[Result "0-1"]
[WhiteElo "2219"]
[BlackElo "2118"]
[PlyCount "144"]
[EventDate "2012.10.14"]
[EventType "team-tourn"]
[EventRounds "11"]
[EventCountry "CZE"]
[SourceTitle "EXT 2016"]
[Source "ChessBase"]
[SourceDate "2015.10.08"]
[SourceVersion "1"]
[SourceVersionDate "2015.10.08"]
[SourceQuality "1"]
[WhiteTeam "Ostrava Labortech II"]
[BlackTeam "Kromeriz Slavia II"]
[WhiteTeamCountry "CZE"]
[BlackTeamCountry "CZE"]

1. e4 e5 2. f4 exf4 3. Nc3 Ne7 4. Bc4 Ng6 5. d4 d6 6. Qf3 Be6 7. Bxe6 fxe6 8. Bxf4 Be7 9. Bg3 Nc6 10. Nge2 Bf6 11. 0-0-0 0-0 12. Qg4 e5 13. d5 Na5 14. h4 Qc8 15. Qxc8 Raxc8 16. b3 b6 17. Be1 a6 18. g3 Nb7 19. Bd2 Rf7 20. Be3 Ne7 21. Kd2 g6 22. a4 Bg7 23. Nc1 Nc5 24. Bxc5 bxc5 25. Ke2 Rcf8 26. Rdf1 Rxf1 27. Rxf1 Rxf1 28. Kxf1 Bh6 29. Nd3 Bd2 30. Nd1 h5 31. Ke2 Ba5 32. Ne3 Kf7 33. Nc4 Bc3 34. Nf2 Kf6 35. Nd1 Ba1 36. c3 g5 37. hxg5+ Kxg5 38. Nce3 c6 39. dxc6 Nxc6 40. Kd3 Na5 41. Kc2 Kg6 42. Nc4 Nxc4 43. bxc4 Kg5 44. Ne3 a5 45. Kb3 Kg6 46. Nf1 Kg5 47. Nh2 Kg6 48. Nf3 Kf6 49. Kc2 Kg6 50. Kd3 Bb2 51. Kd2 Kf6 52. Ke2 Bxc3 53. Nh4 Kg5 54. Kf3 Bb4 55. Nf5 d5 56. cxd5 c4 57. d6 Kf6 58. d7 Be7 59. Nd6 c3 60. Ke2 Ke6 61. Nc4 Kxd7 62. Nxa5 c2 63. Nb3 Bg5 64. a5 Kc6 65. a6 Kb6 66. Kd3 c1Q 67. Nxc1 Bxc1 68. Kc4 Be3 69. Kd5 Bd4 70. Ke6 Kxa6 71. Kf5 Kb5 72. Kg5 Bf2 0-1

[Event "CZE-chT1E 1213"]
[Site "Czech Republic"]
[Date "2013.01.13"]
[Round "5.8"]
[White "Skacelik, Petr"]
[Black "Sojka, Ales"]
[Result "1-0"]
[WhiteElo "2202"]
[BlackElo "2118"]
[PlyCount "81"]
[EventDate "2012.10.21"]
[EventType "team-tourn"]
[EventRounds "11"]
[EventCountry "CZE"]
[SourceTitle "EXT 2014"]
[Source "ChessBase"]
[SourceDate "2013.11.20"]
[SourceVersion "1"]
[SourceVersionDate "2013.11.20"]
[SourceQuality "1"]
[WhiteTeam "Brno Duras"]
[BlackTeam "Kromeriz"]
[WhiteTeamCountry "CZE"]
[BlackTeamCountry "CZE"]

1. d4 d6 2. c4 e5 3. Nf3 e4 4. Ng5 f5 5. Nc3 Be7 6. Nh3 Nf6 7. g3 c6 8. Bg2 d5 9. cxd5 cxd5 10. 0-0 Nc6 11. Bg5 Nd7 12. Bxe7 Nxe7 13. Nf4 Nf6 14. Qb3 0-0 15. h4 h6 16. h5 a6 17. Rfc1 Kh8 18. e3 Qe8 19. Qd1 Bd7 20. Bf1 g6 21. hxg6 Rg8 22. Be2 Rd8 23. Qf1 Bc8 24. Qh3 Kg7 25. Bh5 Rd6 26. Nce2 Rc6 27. Rxc6 Qxc6 28. Rc1 Qb6 29. b3 Bd7 30. Qf1 Rc8 31. Rxc8 Bxc8 32. Qc1 Bd7 33. Qa3 Nc6 34. Qd6 Qb4 35. Qc7 Qa5 36. Qxb7 Nd8 37. Qa7 Nc6 38. Ne6+ Kg8 39. Qa8+ Ne8 40. g7 f4 41. N2xf4 1-0

[Event "CZE-chT2F 1213"]
[Site "Czech Republic"]
[Date "2013.01.06"]
[Round "6.64"]
[White "Hladik, Oto"]
[Black "Sojka, Ales"]
[Result "1-0"]
[WhiteElo "2173"]
[BlackElo "2118"]
[PlyCount "99"]
[EventDate "2012.10.14"]
[EventType "team-tourn"]
[EventRounds "11"]
[EventCountry "CZE"]
[SourceTitle "EXT 2016"]
[Source "ChessBase"]
[SourceDate "2015.10.08"]
[SourceVersion "1"]
[SourceVersionDate "2015.10.08"]
[SourceQuality "1"]
[WhiteTeam "Ostrava TJ Nova Hut"]
[BlackTeam "Kromeriz Slavia II"]
[WhiteTeamCountry "CZE"]
[BlackTeamCountry "CZE"]

1. e4 e5 2. Nf3 Nc6 3. Bb5 a6 4. Ba4 Nf6 5. 0-0 Be7 6. Bxc6 dxc6 7. d3 Nd7 8. Nbd2 f6 9. b3 Nc5 10. Bb2 Bg4 11. h3 Bh5 12. d4 exd4 13. Bxd4 Qc8 14. Qe2 Qe6 15. Rfe1 0-0-0 16. a4 Nd7 17. Rab1 c5 18. Bc3 Bd6 19. b4 Ne5 20. Bxe5 Bxe5 21. Qe3 Bxf3 22. Nxf3 Bd4 23. Nxd4 Rxd4 24. b5 a5 25. e5 f5 26. c3 f4 27. Qf3 Rxa4 28. b6 cxb6 29. Red1 Qxe5 30. Rxb6 Qc7 31. Rdb1 Ra1 32. Rxb7 Rxb1+ 33. Rxb1 Rd8 34. Qa8+ Kd7 35. Qd5+ Kc8 36. Qe6+ Rd7 37. Qa6+ Kd8 38. Qa8+ Ke7 39. Qe4+ Kf7 40. Qxh7 Qe5 41. Qc2 Qd5 42. c4 Qe5 43. Qa4 Qf5 44. Re1 f3 45. g4 Qd3 46. Qc6 Rd6 47. Qe8+ Kf6 48. Re5 g5 49. Qe7+ Kg6 50. Rxg5+ 1-0

[Event "CZE-chT2E 1112"]
[Site "Czech Republic"]
[Date "2011.12.04"]
[Round "4.4"]
[White "Sojka, Ales"]
[Black "Vechet, Stanislav"]
[Result "1/2-1/2"]
[WhiteElo "2094"]
[BlackElo "2180"]
[PlyCount "79"]
[EventDate "2011.10.09"]
[EventType "team-tourn"]
[EventRounds "11"]
[EventCountry "CZE"]
[SourceTitle "EXT 2013"]
[Source "ChessBase"]
[SourceDate "2012.11.22"]
[SourceVersion "1"]
[SourceVersionDate "2012.11.22"]
[SourceQuality "1"]
[WhiteTeam "Kromeriz II"]
[BlackTeam "Hustopece"]
[WhiteTeamCountry "CZE"]
[BlackTeamCountry "CZE"]

1. e4 e5 2. Nf3 Nc6 3. Bb5 a6 4. Ba4 Nf6 5. 0-0 Be7 6. Re1 b5 7. Bb3 0-0 8. d3 d6 9. Nbd2 Na5 10. Nf1 Nxb3 11. axb3 c5 12. Ng3 Ne8 13. Bd2 g6 14. b4 f6 15. c4 Be6 16. b3 Ng7 17. Bc3 Qb6 18. bxc5 dxc5 19. Qc2 b4 20. Bb2 Bg4 21. Nd2 h5 22. f3 Bd7 23. Ngf1 Qd6 24. Ne3 a5 25. Ra2 Ra6 26. Nd5 Rfa8 27. f4 exf4 28. e5 Qe6 29. Nc7 Qf5 30. Nxa8 Rxa8 31. exf6 Bxf6 32. Bxf6 Qxf6 33. Qb2 Qxb2 34. Rxb2 Bf5 35. Re5 Bxd3 36. Rxc5 a4 37. bxa4 Rxa4 38. Nb3 Ne6 39. Ra5 Ra3 40. Rxa3 1/2-1/2

[Event "Stare Mesto op"]
[Site "Stare Mesto"]
[Date "2011.08.18"]
[Round "8"]
[White "Kireev, Aleksei"]
[Black "Sojka, Ales"]
[Result "1-0"]
[WhiteElo "2360"]
[BlackElo "2107"]
[PlyCount "69"]
[EventDate "2011.08.12"]
[EventType "swiss"]
[EventRounds "10"]
[EventCountry "CZE"]
[SourceTitle "CBM 143 Extra"]
[Source "ChessBase"]
[SourceDate "2011.08.29"]
[SourceVersion "1"]
[SourceVersionDate "2011.08.29"]
[SourceQuality "1"]

1. g3 e5 2. d3 Nc6 3. Bg2 d5 4. e4 dxe4 5. dxe4 Qxd1+ 6. Kxd1 Bc5 7. f3 Nge7 8. Bh3 f5 9. Nd2 0-0 10. exf5 Nxf5 11. c3 b5 12. Ne4 Bb6 13. Bf1 a6 14. Bd3 Be6 15. Ng5 Bc4 16. Bxc4+ bxc4 17. Ke2 Nd6 18. Be3 h6 19. Ne4 Nxe4 20. fxe4 Rab8 21. Rb1 Bxe3 22. Kxe3 Rb6 23. Nf3 Rfb8 24. Rhd1 Rxb2 25. Rxb2 Rxb2 26. Rd2 Rxd2 27. Kxd2 Kf7 28. Kc2 Ke6 29. Kb2 Nb8 30. Ka3 Nd7 31. Kb4 Nf6 32. Nd2 Kd6 33. Ka5 g5 34. Kxa6 Ng4 35. Kb7 1-0

[Event "Stare Mesto op"]
[Site "Stare Mesto"]
[Date "2011.08.17"]
[Round "7"]
[White "Sojka, Ales"]
[Black "Benes, Miroslav"]
[Result "1-0"]
[WhiteElo "2107"]
[BlackElo "1978"]
[PlyCount "77"]
[EventDate "2011.08.12"]
[EventType "swiss"]
[EventRounds "10"]
[EventCountry "CZE"]
[SourceTitle "CBM 143 Extra"]
[Source "ChessBase"]
[SourceDate "2011.08.29"]
[SourceVersion "1"]
[SourceVersionDate "2011.08.29"]
[SourceQuality "1"]

1. e4 c5 2. Nf3 g6 3. c3 Bg7 4. d4 cxd4 5. cxd4 d5 6. exd5 Nf6 7. Nc3 0-0 8. Bc4 Nbd7 9. 0-0 Nb6 10. Bb3 Nbxd5 11. Ne5 Be6 12. Qf3 h6 13. Re1 Qd6 14. h3 Kh7 15. Bd2 a6 16. Rad1 Nxc3 17. bxc3 Bd5 18. Qd3 b5 19. Bc2 Ng8 20. f4 f5 21. g4 e6 22. Qg3 Ne7 23. Kh2 Ra7 24. Bb1 Rc7 25. Rg1 Be4 26. gxf5 exf5 27. Bxe4 fxe4 28. Qe3 Qd5 29. Rde1 Qxa2 30. Rg2 Rf6 31. Qxe4 Qd5 32. Qd3 Nf5 33. Reg1 b4 34. Rxg6 Qb5 35. c4 Qb6 36. Qxf5 Rxf5 37. Rxb6 Bxe5 38. fxe5 Rf2+ 39. Rg2 1-0